Dictionary of major biblical interpreters / (Record no. 2072)

MARC details
000 -LEADER
fixed length control field 01612cam a22003734a 4500
001 - CONTROL NUMBER
control field 14860319
003 - CONTROL NUMBER IDENTIFIER
control field GBCCL
005 - DATE AND TIME OF LATEST TRANSACTION
control field 20241126110416.0
008 - FIXED-LENGTH DATA ELEMENTS--GENERAL INFORMATION
fixed length control field 070522s2007 ilu bd 001 0deng
010 ## -
-- 2007021666
020 ## - INTERNATIONAL STANDARD BOOK NUMBER
International Standard Book Number 9780830829279 (cloth : alk. paper)
020 ## - INTERNATIONAL STANDARD BOOK NUMBER
International Standard Book Number 083082927X (cloth : alk. paper)
020 ## - INTERNATIONAL STANDARD BOOK NUMBER
International Standard Book Number 9781844741946 (U.K. : cloth : alk. paper)
020 ## - INTERNATIONAL STANDARD BOOK NUMBER
International Standard Book Number 184474194X (U.K. : cloth : alk. paper)
035 ## - SYSTEM CONTROL NUMBER
System control number (OCoLC)ocn138340706
035 ## - SYSTEM CONTROL NUMBER
System control number (OCoLC)138340706
040 ## - CATALOGING SOURCE
Original cataloging agency DLC
Transcribing agency DLC
Modifying agency YDXCP
-- BAKER
-- BTCTA
-- C#P
-- ITC
-- BWX
-- DLC
050 00 -
-- BS501.A1
-- H57 2007
082 00 - DEWEY DECIMAL CLASSIFICATION NUMBER
Classification number 220.609
Edition information 22
Item number DIC
245 00 - TITLE STATEMENT
Title Dictionary of major biblical interpreters /
Statement of responsibility, etc. edited by Donald K. McKim.
250 ## - EDITION STATEMENT
Edition statement [2nd ed., new and expanded ed.].
260 ## - PUBLICATION, DISTRIBUTION, ETC.
Place of publication, distribution, etc. Downers Grove, Ill. :
Name of publisher, distributor, etc. IVP Academic ;
Place of publication, distribution, etc. Nottingham, England :
Name of publisher, distributor, etc. Inter-Varsity Press,
Date of publication, distribution, etc. 2007.
300 ## - PHYSICAL DESCRIPTION
Extent xxviii, 1106 p. ;
Dimensions 26 cm.
500 ## - GENERAL NOTE
General note Rev. ed. of: Historical handbook of major biblical interpreters. c1998.
504 ## - BIBLIOGRAPHY, ETC. NOTE
Bibliography, etc. note Includes bibliographical references and indexes.
630 00 - SUBJECT ADDED ENTRY--UNIFORM TITLE
Uniform title Bible
General subdivision Criticism, interpretation, etc.
-- History.
9 (RLIN) 1904
650 #0 - SUBJECT ADDED ENTRY--TOPICAL TERM
Topical term or geographic name entry element Biblical scholars
Form subdivision Dictionaries.
9 (RLIN) 4252
700 1# - ADDED ENTRY--PERSONAL NAME
Personal name McKim, Donald K.
9 (RLIN) 4253
730 0# -
-- Historical handbook of major biblical interpreters.
-- 4254
856 41 - ELECTRONIC LOCATION AND ACCESS
Materials specified Table of contents only
Uniform Resource Identifier <a href="http://www.loc.gov/catdir/toc/ecip0719/2007021666.html">http://www.loc.gov/catdir/toc/ecip0719/2007021666.html</a>
906 ## - LOCAL DATA ELEMENT F, LDF (RLIN)
a 7
b cbc
c orignew
d 1
e ecip
f 20
g y-gencatlg
942 ## - ADDED ENTRY ELEMENTS (KOHA)
Source of classification or shelving scheme Dewey Decimal Classification
Koha item type Reference Books
Holdings
Withdrawn status Lost status Source of classification or shelving scheme Damaged status Not for loan Home library Current Library Shelving location Date acquired Total checkouts Full call number Barcode Date last seen Copy number Price effective from Koha item type
    Dewey Decimal Classification     GRACE BIBLE COLLEGE GRACE BIBLE COLLEGE Dictionary 2017-06-28   220.609 DIC 012996 2025-05-01 c.1 2017-06-28 Reference Books
    Dewey Decimal Classification     GRACE BIBLE COLLEGE GRACE BIBLE COLLEGE Dictionary 2021-11-17   220.609 DIC 015335 2025-05-01 c.2 2021-11-17 Reference Books
© Grace Bible College Library 2025